000 00502nam a22001817a 4500
005 20251108165035.0
008 250721s1989 xx 000 0 ara d
082 1 4 _a928.1/أحم
100 1 _aأمين، حسين أحمد
245 1 0 _aفي بيت أحمد أمين و مقالات أخرى /
250 _aط2
264 1 _aالقاهرة :
_bمكتبة مدبولي،
_c1989.
300 _a429ص
650 1 7 _aالتراجم
650 1 7 _aالأدباء
942 _2ddc
_cBK
999 _c20638
_d20638